Gran enciclopedia interactiva Siglo XXI
Gardado en:
| Formato: | Libro |
|---|---|
| Idioma: | Lingua castelá |
| Publicado: |
Barcelona
Océano
2001
|
| Subjects: | |
| Tags: |
Engadir etiqueta
Sen Etiquetas, Sexa o primeiro en etiquetar este rexistro!
|
MARC
| LEADER | 00000nam a2200000 a 4500 | ||
|---|---|---|---|
| 001 | UCM0402 | ||
| 003 | CL-VaPUC | ||
| 008 | 020301e20010000SP |||||||||||||||||spa|d | ||
| 082 | 0 | 4 | |a 030 |b GRA |2 21 |
| 245 | 1 | 0 | |a Gran enciclopedia interactiva Siglo XXI |
| 300 | |a 15 v | ||
| 942 | |c BK | ||
| 945 | |d 20020301 00:00:00 |a cmena | ||
| 260 | |a Barcelona |b Océano |c 2001 | ||
| 500 | |a v.1: Enciclopedia temática, Filosofía, Expresión artística, Historia del arte, Música, Lingüística y gramática | ||
| 500 | |a v.2: Enciclopedia temática, El idioma español, Literatura española, Literatura hispanoamericana, Literatura universal | ||
| 500 | |a v.3: Enciclopedia temática, Algebra, Estadística, Economía | ||
| 500 | |a v.4: Enciclopedia temática, Química inorgánica, Química orgánica, Física | ||
| 500 | |a v.5: Enciclopedia temática, Electricidad, Electrónica, Biología, Geología, Botánica, Zoología, Paleontología | ||
| 500 | |a v.6: Enciclopedia temática, Ecología, Astronomía, Astronáutica, Computación, Tecnología mecánica, Cómo funciona, Diseño, Geografía descriptiva | ||
| 500 | |a v.7: Enciclopedia temática, Geografía general, Atlas, Historia universal, Historia de América Latina | ||
| 500 | |a v.8: Enciclopedia temática, Antropología, Anatomía y Fisiología, Educación sexual, Psicología, Educación cívica, Educación física, Deportes, Autoevaluación, Indice alfabético | ||
| 500 | |a v.9: Diccionario enciclopédico, A - Engolado | ||
| 500 | |a v.10: Diccionario enciclopédico, Engolfar - Parálisis | ||
| 500 | |a v.11: Diccionario enciclopédico, Paralización - Zwinglio | ||
| 500 | |a v.12: Diccionario de inglés, español-inglés | ||
| 500 | |a v.13: Diccionario de inglés, english-spanish | ||
| 500 | |a v.14: Incluye 2 CD-Rom: Navegador temático, Diccionario interactivo english-spanish, español-inglés y una guía de los CD-Rom | ||
| 500 | |a v.15: Incluye 5 CD-Rom: Física y Química, Matemáticas, Gramática, Ciencias naturales y Computación | ||
| 650 | 7 | |a ENCICLOPEDIAS GENERALES |2 CL-VaPUC |9 467142 | |
| 583 | |a last modification |c 20020301 00:00:00 |k Rodrigo Vera | ||
| 999 | |c 299312 |d 299310 | ||
| 952 | |0 0 |1 0 |4 0 |6 030_000000000000000_GRA_2001 |7 0 |8 X |9 355753 |a BIBEDU |b BIBEDU |d 2019-11-21 |h v.1 |i 3793362 |o 030 GRA 2001 |p 3793362 |r 2023-01-13 |w 2019-11-21 |y BK_X |k BME | ||
| 952 | |0 0 |1 0 |4 0 |6 030_000000000000000_GRA_2001 |7 0 |8 X |9 355754 |a BIBEDU |b BIBEDU |d 2019-11-21 |h v.2 |i 3793370 |o 030 GRA 2001 |p 3793370 |r 2023-01-13 |w 2019-11-21 |y BK_X |k BME | ||
| 952 | |0 0 |1 0 |4 0 |6 030_000000000000000_GRA_2001 |7 0 |8 X |9 355755 |a BIBEDU |b BIBEDU |d 2019-11-21 |h v.3 |i 3793389 |o 030 GRA 2001 |p 3793389 |r 2023-01-13 |w 2019-11-21 |y BK_X |k BME | ||
| 952 | |0 0 |1 0 |4 0 |6 030_000000000000000_GRA_2001 |7 0 |8 X |9 355756 |a BIBEDU |b BIBEDU |d 2019-11-21 |h v.4 |i 3793397 |o 030 GRA 2001 |p 3793397 |r 2023-01-13 |w 2019-11-21 |y BK_X |k BME | ||
| 952 | |0 0 |1 0 |4 0 |6 030_000000000000000_GRA_2001 |7 0 |8 X |9 355757 |a BIBEDU |b BIBEDU |d 2019-11-21 |h v.5 |i 3793400 |o 030 GRA 2001 |p 3793400 |r 2023-01-13 |w 2019-11-21 |y BK_X |k BME | ||
| 952 | |0 0 |1 0 |4 0 |6 030_000000000000000_GRA_2001 |7 0 |8 X |9 355758 |a BIBEDU |b BIBEDU |d 2019-11-21 |h v.6 |i 3793419 |o 030 GRA 2001 |p 3793419 |r 2023-01-13 |w 2019-11-21 |y BK_X |k BME | ||
| 952 | |0 0 |1 0 |4 0 |6 030_000000000000000_GRA_2001 |7 0 |8 X |9 355759 |a BIBEDU |b BIBEDU |d 2019-11-21 |h v.7 |i 3793427 |o 030 GRA 2001 |p 3793427 |r 2023-01-13 |w 2019-11-21 |y BK_X |k BME | ||
| 952 | |0 0 |1 0 |4 0 |6 030_000000000000000_GRA_2001 |7 0 |8 X |9 355760 |a BIBEDU |b BIBEDU |d 2019-11-21 |h v.8 |i 3793435 |o 030 GRA 2001 |p 3793435 |r 2023-01-13 |w 2019-11-21 |y BK_X |k BME | ||
| 952 | |0 0 |1 0 |4 0 |6 030_000000000000000_GRA_2001 |7 0 |8 X |9 355761 |a BIBEDU |b BIBEDU |d 2019-11-21 |h v.9 |i 3793443 |o 030 GRA 2001 |p 3793443 |r 2023-01-13 |w 2019-11-21 |y BK_X |k BME | ||
| 952 | |0 0 |1 0 |4 0 |6 030_000000000000000_GRA_2001 |7 0 |8 X |9 355762 |a BIBEDU |b BIBEDU |d 2019-11-21 |h v.10 |i 3793451 |o 030 GRA 2001 |p 3793451 |r 2023-01-13 |w 2019-11-21 |y BK_X |k BME | ||
| 952 | |0 0 |1 0 |4 0 |6 030_000000000000000_GRA_2001 |7 0 |8 X |9 355763 |a BIBEDU |b BIBEDU |d 2019-11-21 |h v.11 |i 379346K |o 030 GRA 2001 |p 379346K |r 2023-01-13 |w 2019-11-21 |y BK_X |k BME | ||
| 952 | |0 0 |1 0 |4 0 |6 030_000000000000000_GRA_2001 |7 0 |8 X |9 355764 |a BIBEDU |b BIBEDU |d 2019-11-21 |h v.12 |i 3793478 |o 030 GRA 2001 |p 3793478 |r 2023-01-13 |w 2019-11-21 |y BK_X |k BME | ||
| 952 | |0 0 |1 0 |4 0 |6 030_000000000000000_GRA_2001 |7 0 |8 X |9 355765 |a BIBEDU |b BIBEDU |d 2019-11-21 |h v.13 |i 3793486 |o 030 GRA 2001 |p 3793486 |r 2023-01-13 |w 2019-11-21 |y BK_X |k BME | ||
| 952 | |0 0 |1 0 |4 0 |6 030_000000000000000_GRA_2001 |7 0 |8 X |9 355766 |a BIBEDU |b BIBEDU |d 2019-11-21 |h v.14 |i 3793494 |o 030 GRA 2001 |p 3793494 |r 2019-11-21 |w 2019-11-21 |y BK_X |k BME | ||
| 952 | |0 0 |1 0 |4 0 |6 030_000000000000000_GRA_2001 |7 0 |8 X |9 355767 |a BIBEDU |b BIBEDU |d 2019-11-21 |h v.15 |i 3793508 |o 030 GRA 2001 |p 3793508 |r 2019-11-21 |w 2019-11-21 |y BK_X |k BME | ||